000 01029nam a22002417a 4500
999 _c12686
_d12686
003 AR-CdUCM
008 190409b ||||| |||| 00| 0 spa d
040 _aMUNICIPALIDAD PROVINCIAL DEL CUSCO
_cBIBLIOTECA MUNICIPAL DEL CUSCO
082 _a372.4 /
_bM39 / 1958
100 _aMejía Villalobos, Gilberto
_930674
245 _aEstudio del niño y del adolescente /
260 _aLima :
_bImpr. Toledo,
_c1958.
300 _a73 páginas ;
_c21 cm.
440 _aCurso de Capacitación y Perfeccionamiento Magisterial.
_n1
_930675
500 _aAntes del título: Ministerio de Educación Pública.
505 _aContenido: El niño en el mundo exterior -- La evolución infantil -- La actividad en el niño -- El conocimiento en el niño -- Los intereses infantiles ...
650 _aNiños
_99390
650 _aAdolescencia
_9127
650 _aPsicología del niño
_95112
710 _aInstituto Nacional de Perfeccionamiento y Capacitación Magisterial (Perú)
_930676
942 _2ddc
_cLIBROS
945 _aachl
_d2019-04-09